Mummies and mortuary monuments : a postprocessual prehistory of central Andean social organization /

Bibliographic Details
Main Author: Isbell, William Harris, 1943-
Format: Book
Language:English
Published: Austin : University of Texas Press, 1997.
Edition:1st ed.
Subjects:

MARC

Tag First Indicator Second Indicator Subfields
LEADER 00000cam a2200000 a 4500
001 in00001403696
005 20151020053131.0
008 961121s1997 txuab b s001 0 eng
010 |a  96051237  
020 |a 0292738706 (alk. paper) 
035 |a (OCoLC)36008605 
035 |9 AHM7150AM 
040 |a DLC  |c DLC  |d TXA  |d UtOrBLW 
043 |a sn----- 
049 |a TXAM 
050 0 0 |a F3429  |b .I83 1997 
082 0 0 |a 306.9/0985  |2 21 
100 1 |a Isbell, William Harris,  |d 1943- 
245 1 0 |a Mummies and mortuary monuments :  |b a postprocessual prehistory of central Andean social organization /  |c William H. Isbell. 
250 |a 1st ed. 
264 1 |a Austin :  |b University of Texas Press,  |c 1997. 
300 |a xvii, 371 pages :  |b illustrations, maps ;  |c 24 cm. 
336 |a text  |b txt  |2 rdacontent 
337 |a unmediated  |b n  |2 rdamedia 
338 |a volume  |b nc  |2 rdacarrier 
504 |a Includes bibliographical references (pages [317]-357) and indexes. 
505 0 |a On knowing the past -- Royal mummies of Inca Cuzco -- Ancestor mummies in Huarochirí -- Competing theories of Ayllu origins -- The open sepulcher -- Distribution of open sepulcher monuments -- The open sepulchers of Chota-Cutervo -- Origin of the Ayllu and the Andean past. 
650 0 |a Incas  |x Funeral customs and rites. 
650 0 |a Indians of South America  |z Andes Region  |x Funeral customs and rites. 
650 0 |a Incas  |x Antiquities. 
650 0 |a Indians of South America  |z Andes Region  |x Antiquities. 
650 0 |a Sepulchral monuments  |z Andes Region  |x History. 
650 0 |a Social structure  |z Andes Region  |x History. 
651 0 |a Andes Region  |x Antiquities. 
999 |a MARS 
999 f f |s a2d01541-2b3f-313b-a19f-f98a5c3ddd1d  |i b36425d4-6602-3f05-a6fb-f6c4f66b9393  |t 0 
952 f f |p ric  |a Texas A&M University  |b Rellis Campus  |c Joint Library Facility  |d Remote Storage  |t 0  |e F3429 .I83 1997  |h Library of Congress classification  |i unmediated -- volume  |m A14821549090 
998 f f |a F3429 .I83 1997  |t 0  |l Remote Storage